F-center annealing by positron irradiation; Physics Letters A; Vol. 44, iss. 6

Dettagli Bibliografici
Parent link:Physics Letters A.— , 1967-
Vol. 44, iss. 6.— 1973.— P. 439-440
Autore principale: Arefyev (Afef'ev, Arefiev) K. P. Konstantin Petrovich
Altri autori: Vorobiev S. A.
Riassunto:The bleaching of a colored KBr single crystal after the positron irradiation was observed. The F-center annealing is attributed to the influence of the holes induced by positron annihilation.
В фонде НТБ ТПУ отсутствует
Lingua:inglese
Pubblicazione: 1973
Soggetti:
Natura: MixedMaterials Capitolo di libro
KOHA link:https://koha.lib.tpu.ru/cgi-bin/koha/opac-detail.pl?biblionumber=598248

MARC

LEADER 00000naa0a2200000 4500
001 598248
005 20250310160731.0
035 |a (RuTPU)RU\TPU\tpu\21813 
035 |a RU\TPU\prd\152362 
090 |a 598248 
100 |a 20120925d1973 k||y0rusy50 ba 
101 0 |a eng 
102 |a NL 
200 1 |a F-center annealing by positron irradiation  |f K. P. Arefyev (Afef'ev, Arefiev), S. A. Vorobiev 
330 |a The bleaching of a colored KBr single crystal after the positron irradiation was observed. The F-center annealing is attributed to the influence of the holes induced by positron annihilation. 
333 |a В фонде НТБ ТПУ отсутствует 
461 |t Physics Letters A  |d 1967- 
463 |t Vol. 44, iss. 6  |v P. 439-440  |d 1973 
610 1 |a труды учёных ТПУ 
700 1 |a Arefyev (Afef'ev, Arefiev)  |b K. P.  |c physicist  |c Professor of Tomsk Polytechnic University, Doctor of physical and mathematical sciences  |c A Corresponding Member of Russian Academy of Natural Sciences (RANS/RAEN)  |f 1947-  |g Konstantin Petrovich  |3 (RuTPU)RU\TPU\pers\29714  |9 14208 
701 1 |a Vorobiev  |b S. A. 
801 1 |a RU  |b 63413507  |c 20120913 
801 2 |a RU  |b 63413507  |c 20120926  |g RCR 
942 |c CR